| 000 | 00837cam a2200205 4500 | ||
|---|---|---|---|
| 001 | ABS61758 | ||
| 008 | 000000n1999 000 0 eng u | ||
| 035 | _a(Sirsi) u104031 | ||
| 100 | _aStockdale, D. | ||
| 245 | _aPrime contracting: the cultural dimension | ||
| 260 | _c1999 | ||
| 490 |
_aConstruction Information Quarterly _v1(4) December 1999, 7-17(11) |
||
| 520 | _aHighlights the importance of the 'cultural dimension' when considering using prime contracting as a procurement method. Warns that the biggest barrier to successful implementation is 'soft' management issues such as staff, skills and corporate style. | ||
| 590 | _aABS | ||
| 650 | _aPRIME CONTRACTING | ||
| 650 | _aPROCUREMENT METHODS | ||
| 650 | _aCORPORATE CULTURE | ||
| 690 | _aBUILDING AND CONSTRUCTION-PROCUREMENT, PARTNERING, TENDERING | ||
| 942 | _n0 | ||
| 999 |
_c62435 _d62435 |
||